Le dîner de cons (click quiz) - Statistiques

Statistiques générales
  • Ce quiz a été pris 187 fois
  • Le résultat moyen est 6 sur 7
Statistiques - réponses
Hint Réponse % Correct
Commerce de bonbons Confiserie
99%
Porc cru anglais Bacon
94%
Peut atteindre une longueur de 30 cm Concombre
89%
Endive belge Chicon
87%
Porc qui se conserve dans sa graisse Confit
76%
Préparation gélifiée Confiture
73%
On le suce Cône
72%
Aucun quiz correspondant
Distribution des résultats
% des personnes avec chaque résultat
Percentile par nombre de réponses
Votre historique - résultats
Vous n’avez pas pris ce quiz